Statistiche per Top 10 Città più popolose Provincia di Foggia

Clicka qui per fare il quiz!

Statistiche generali

  • Questo quiz è stato fatto 8 volte
  • Il punteggio medio è 7 su 10

Statistiche sulle risposte

Popolazione 8ab.)Città% Corretto
152 700Foggia
100%
32 679Lucera
100%
56 318Manfredonia
100%
55 297San Severo
100%
56 978Cerignola
88%
14 445San Marco in Lamis
63%
27 355San Giovanni Rotondo
50%
16 013San Nicandro Garganico
38%
17 457Torremaggiore
38%
17 860Orta Nova
25%

Distribuzione punteggi

Percentile per numero di risposta

Percentuale di utenti per punteggio

I tuoi punteggi nel tempo

Non hai fatto questo quiz